[Event "Deutsche Ländermeisterschaft 2025"]
[Site "Oer-Erkenschwick GER"]
[Date "2025.10.04"]
[Round "6"]
[White "Zhang, Jiahui"]
[Black "Margaryan, Susanna"]
[Result "1/2-1/2"]
[Termination "normal"]
[Board "5.7"]
[WhiteElo "1575"]
[BlackElo "1750"]
[WhiteClock "00:20:03"]
[BlackClock "00:47:57"]
[WhiteTeam "Niedersachsen"]
[BlackTeam "Schleswig-Holstein"]
[PlyCount "96"]
[WhiteFideId "533001308"]
[BlackFideId "16268210"]
[EventCountry "GER"]
[EventRounds "7"]
[EventType "team-swiss"]
[EventDate "2025.09.30"]

1. d4 {[%clk 01:30:53]} {[%emt 00:00:07]} Nf6 {[%clk 01:30:50]} {[%emt
00:00:11]} 2. c4 {[%clk 01:31:09]} {[%emt 00:00:13]} Nc6 {[%clk 01:31:16]}
{[%emt 00:00:04]} 3. Nf3 {[%clk 01:30:32]} {[%emt 00:01:07]} e6 {[%clk
01:31:28]} {[%emt 00:00:18]} 4. g3 {[%clk 01:30:45]} {[%emt 00:00:18]} Bb4+
{[%clk 01:30:57]} {[%emt 00:01:01]} 5. Bd2 {[%clk 01:31:08]} {[%emt 00:00:07]}
Bxd2+ {[%clk 01:30:29]} {[%emt 00:00:58]} 6. Qxd2 {[%clk 01:30:55]} {[%emt
00:00:43]} d5 {[%clk 01:30:32]} {[%emt 00:00:27]} 7. cxd5 {[%clk 01:27:07]}
{[%emt 00:04:18]} exd5 {[%clk 01:30:39]} {[%emt 00:00:23]} 8. Bg2 {[%clk
01:27:21]} {[%emt 00:00:16]} O-O {[%clk 01:30:42]} {[%emt 00:00:28]} 9. O-O
{[%clk 01:27:44]} {[%emt 00:00:07]} Ne4 {[%clk 01:30:02]} {[%emt 00:01:10]} 10.
Qc2 {[%clk 01:27:09]} {[%emt 00:01:05]} Bg4 {[%clk 01:28:10]} {[%emt 00:02:22]}
11. e3 {[%clk 01:24:48]} {[%emt 00:02:50]} Qd7 {[%clk 01:22:57]} {[%emt
00:05:44]} 12. Nbd2 {[%clk 01:18:47]} {[%emt 00:06:31]} Nxd2 {[%clk 01:20:06]}
{[%emt 00:03:21]} 13. Nxd2 {[%clk 01:17:12]} {[%emt 00:02:04]} Ne7 {[%clk
01:17:09]} {[%emt 00:03:28]} 14. Rac1 {[%clk 01:06:12]} {[%emt 00:11:30]} c6
{[%clk 01:15:03]} {[%emt 00:02:35]} 15. Nb3 {[%clk 01:00:14]} {[%emt 00:06:28]}
b6 {[%clk 01:13:00]} {[%emt 00:02:33]} 16. Nd2 {[%clk 00:56:04]} {[%emt
00:04:40]} Bh3 {[%clk 01:13:03]} {[%emt 00:00:28]} 17. Nf3 {[%clk 00:53:43]}
{[%emt 00:02:50]} Bxg2 {[%clk 01:12:18]} {[%emt 00:01:15]} 18. Kxg2 {[%clk
00:53:17]} {[%emt 00:00:56]} f6 {[%clk 01:07:02]} {[%emt 00:05:47]} 19. h4
{[%clk 00:46:59]} {[%emt 00:06:48]} Rac8 {[%clk 01:06:59]} {[%emt 00:00:32]}
20. b4 {[%clk 00:45:54]} {[%emt 00:01:36]} Rc7 {[%clk 01:06:28]} {[%emt
00:01:00]} 21. Qb3 {[%clk 00:38:31]} {[%emt 00:07:52]} Kh8 {[%clk 01:03:26]}
{[%emt 00:03:33]} 22. a4 {[%clk 00:36:35]} {[%emt 00:02:26]} Rfc8 {[%clk
01:00:59]} {[%emt 00:02:56]} 23. Qa3 {[%clk 00:34:12]} {[%emt 00:02:54]} Qd6
{[%clk 00:59:38]} {[%emt 00:01:51]} 24. Qb2 {[%clk 00:33:29]} {[%emt 00:01:14]}
a6 {[%clk 00:55:02]} {[%emt 00:05:06]} 25. Ne1 {[%clk 00:31:14]} {[%emt
00:02:45]} Qe6 {[%clk 00:53:43]} {[%emt 00:01:49]} 26. Qe2 {[%clk 00:29:52]}
{[%emt 00:01:51]} b5 {[%clk 00:53:41]} {[%emt 00:00:33]} 27. a5 {[%clk
00:30:14]} {[%emt 00:00:08]} Re8 {[%clk 00:53:06]} {[%emt 00:01:04]} 28. Nd3
{[%clk 00:30:13]} {[%emt 00:00:31]} Ra8 {[%clk 00:51:07]} {[%emt 00:02:29]} 29.
Nc5 {[%clk 00:29:15]} {[%emt 00:01:29]} Qf7 {[%clk 00:46:14]} {[%emt 00:05:23]}
30. g4 {[%clk 00:25:01]} {[%emt 00:04:44]} Nc8 {[%clk 00:39:44]} {[%emt
00:06:59]} 31. Rh1 {[%clk 00:19:29]} {[%emt 00:06:01]} Nd6 {[%clk 00:38:27]}
{[%emt 00:01:47]} 32. Qf3 {[%clk 00:18:32]} {[%emt 00:01:15]} Qe7 {[%clk
00:38:08]} {[%emt 00:01:01]} 33. Qe2 {[%clk 00:14:27]} {[%emt 00:04:35]} Ne4
{[%clk 00:34:59]} {[%emt 00:03:40]} 34. f3 {[%clk 00:10:05]} {[%emt 00:04:52]}
Nxc5 {[%clk 00:35:19]} {[%emt 00:00:10]} 35. Rxc5 {[%clk 00:10:33]} {[%emt
00:00:02]} Re8 {[%clk 00:35:19]} {[%emt 00:00:30]} 36. Kf2 {[%clk 00:10:10]}
{[%emt 00:00:52]} Qd6 {[%clk 00:35:08]} {[%emt 00:00:41]} 37. Qd3 {[%clk
00:08:37]} {[%emt 00:02:04]} Rce7 {[%clk 00:34:15]} {[%emt 00:01:24]} 38. Qc3
{[%clk 00:06:34]} {[%emt 00:02:33]} Rc8 {[%clk 00:34:13]} {[%emt 00:00:30]} 39.
Qd3 {[%clk 00:04:56]} {[%emt 00:02:10]} Rce8 {[%clk 00:31:34]} {[%emt
00:03:09]} 40. Qc3 {[%clk 00:03:24]} {[%emt 00:01:53]} Re6 {[%clk 00:31:07]}
{[%emt 00:01:06]} 41. h5 {[%clk 00:01:03]} {[%emt 00:02:51]} h6 {[%clk
00:29:49]} {[%emt 00:01:48]} 42. f4 {[%clk 00:29:18]} {[%emt 00:02:16]} Qe7
{[%clk 00:59:30]} {[%emt 00:00:48]} 43. Rh3 {[%clk 00:27:34]} {[%emt 00:02:14]}
Qd7 {[%clk 00:59:01]} {[%emt 00:00:59]} 44. f5 {[%clk 00:25:45]} {[%emt
00:02:20]} Rd6 {[%clk 00:58:49]} {[%emt 00:00:40]} 45. Rg3 {[%clk 00:22:09]}
{[%emt 00:04:06]} Re4 {[%clk 00:48:19]} {[%emt 00:11:00]} 46. Qc1 {[%clk
00:19:50]} {[%emt 00:02:50]} Re8 {[%clk 00:48:18]} {[%emt 00:00:31]} 47. Qc3
{[%clk 00:20:10]} {[%emt 00:00:10]} Re4 {[%clk 00:47:33]} {[%emt 00:01:15]} 48.
Qc1 {[%clk 00:20:03]} {[%emt 00:00:37]} Re8 {[%clk 00:47:57]} {[%emt 00:00:06]}
1/2-1/2

[Event "Deutsche Ländermeisterschaft 2025"]
[Site "Oer-Erkenschwick GER"]
[Date "2025.10.04"]
[Round "6"]
[White "Vasilieva, Sophie Victoria"]
[Black "Benitez Villalba, Amaia Beatriz"]
[Result "1/2-1/2"]
[Termination "normal"]
[Board "5.8"]
[WhiteElo "1488"]
[BlackElo "1015"]
[WhiteClock "00:26:37"]
[BlackClock "00:31:00"]
[WhiteTeam "Schleswig-Holstein"]
[BlackTeam "Niedersachsen"]
[PlyCount "51"]
[WhiteFideId "533007071"]
[BlackFideId "3714802"]
[EventCountry "GER"]
[EventRounds "7"]
[EventType "team-swiss"]
[EventDate "2025.09.30"]

1. d4 {[%clk 01:30:54]} {[%emt 00:00:06]} c6 {[%clk 01:30:42]} {[%emt
00:00:19]} 2. c4 {[%clk 01:31:01]} {[%emt 00:00:23]} d5 {[%clk 01:29:39]}
{[%emt 00:01:33]} 3. cxd5 {[%clk 01:29:24]} {[%emt 00:02:05]} cxd5 {[%clk
01:29:52]} {[%emt 00:00:18]} 4. Nc3 {[%clk 01:29:31]} {[%emt 00:00:23]} Nc6
{[%clk 01:29:47]} {[%emt 00:00:35]} 5. g3 {[%clk 01:27:50]} {[%emt 00:02:11]}
Bf5 {[%clk 01:28:19]} {[%emt 00:01:58]} 6. Nf3 {[%clk 01:25:09]} {[%emt
00:03:06]} e6 {[%clk 01:26:16]} {[%emt 00:02:38]} 7. Bf4 {[%clk 01:21:22]}
{[%emt 00:04:12]} a6 {[%clk 01:23:09]} {[%emt 00:03:43]} 8. Bg2 {[%clk
01:16:02]} {[%emt 00:05:45]} Bd6 {[%clk 01:21:01]} {[%emt 00:02:42]} 9. Bxd6
{[%clk 01:15:34]} {[%emt 00:00:58]} Qxd6 {[%clk 01:21:15]} {[%emt 00:00:16]}
10. a3 {[%clk 01:15:24]} {[%emt 00:00:40]} Nf6 {[%clk 01:19:20]} {[%emt
00:02:25]} 11. O-O {[%clk 01:11:49]} {[%emt 00:04:05]} O-O {[%clk 01:19:13]}
{[%emt 00:00:38]} 12. Rc1 {[%clk 01:09:23]} {[%emt 00:02:52]} Rac8 {[%clk
01:09:52]} {[%emt 00:09:52]} 13. Re1 {[%clk 01:06:25]} {[%emt 00:03:26]} Rfe8
{[%clk 01:07:52]} {[%emt 00:02:34]} 14. Nh4 {[%clk 01:05:22]} {[%emt 00:01:18]}
g6 {[%clk 00:58:14]} {[%emt 00:10:24]} 15. Nxf5 {[%clk 01:04:45]} {[%emt
00:01:06]} exf5 {[%clk 00:58:02]} {[%emt 00:00:43]} 16. e3 {[%clk 01:04:01]}
{[%emt 00:01:07]} Re7 {[%clk 00:53:05]} {[%emt 00:05:33]} 17. b4 {[%clk
00:59:03]} {[%emt 00:05:26]} Na7 {[%clk 00:43:43]} {[%emt 00:09:54]} 18. Qb3
{[%clk 00:56:17]} {[%emt 00:03:11]} Rec7 {[%clk 00:40:25]} {[%emt 00:03:51]}
19. Rc2 {[%clk 00:53:10]} {[%emt 00:03:24]} Nb5 {[%clk 00:36:46]} {[%emt
00:04:24]} 20. Nxb5 {[%clk 00:51:40]} {[%emt 00:01:59]} axb5 {[%clk 00:36:57]}
{[%emt 00:00:21]} 21. Rec1 {[%clk 00:49:58]} {[%emt 00:02:11]} Rc6 {[%clk
00:34:03]} {[%emt 00:03:24]} 22. Bf1 {[%clk 00:47:53]} {[%emt 00:02:28]} Rxc2
{[%clk 00:32:09]} {[%emt 00:02:31]} 23. Rxc2 {[%clk 00:47:57]} {[%emt
00:00:25]} Rxc2 {[%clk 00:32:20]} {[%emt 00:00:21]} 24. Qxc2 {[%clk 00:48:09]}
{[%emt 00:00:17]} Qc6 {[%clk 00:32:20]} {[%emt 00:00:30]} 25. Qb3 {[%clk
00:39:57]} {[%emt 00:08:36]} Ne4 {[%clk 00:31:00]} {[%emt 00:01:55]} 26. Qb2
{[%clk 00:26:37]} {[%emt 00:13:31]} 1/2-1/2

[Event "Deutsche Ländermeisterschaft 2025"]
[Site "Oer-Erkenschwick GER"]
[Date "2025.10.04"]
[Round "6"]
[White "van Arendonk, Polle"]
[Black "Haack, Kevin"]
[Result "0-1"]
[Termination "normal"]
[Board "6.1"]
[BlackTitle "FM"]
[WhiteElo "2105"]
[BlackElo "2380"]
[WhiteClock "00:19:11"]
[BlackClock "00:41:05"]
[WhiteTeam "Stichts-Gooise Schaakbond"]
[BlackTeam "Hessen"]
[PlyCount "58"]
[WhiteFideId "1072048"]
[BlackFideId "16228715"]
[EventCountry "GER"]
[EventRounds "7"]
[EventType "team-swiss"]
[EventDate "2025.09.30"]

1. e4 {[%clk 01:30:58]} {[%emt 00:00:02]} e6 {[%clk 01:30:55]} {[%emt
00:00:05]} 2. d4 {[%clk 01:31:24]} {[%emt 00:00:04]} d5 {[%clk 01:31:21]}
{[%emt 00:00:03]} 3. exd5 {[%emt 00:00:29]} exd5 {[%clk 01:31:38]} {[%emt
00:00:07]} 4. Nf3 {[%clk 01:32:08]} {[%emt 00:00:09]} Bd6 {[%clk 01:32:01]}
{[%emt 00:00:07]} 5. Nc3 {[%clk 01:32:16]} {[%emt 00:00:22]} c6 {[%clk
01:30:54]} {[%emt 00:01:36]} 6. Bd3 {[%clk 01:30:16]} {[%emt 00:02:29]} Nf6
{[%clk 01:29:00]} {[%emt 00:02:25]} 7. Qe2+ {[%clk 01:29:11]} {[%emt 00:01:36]}
Qe7 {[%clk 01:28:59]} {[%emt 00:00:31]} 8. Qxe7+ {[%clk 01:28:26]} {[%emt
00:01:15]} Bxe7 {[%clk 01:20:55]} {[%emt 00:08:33]} 9. h3 {[%clk 01:25:03]}
{[%emt 00:03:53]} Bd6 {[%clk 01:16:27]} {[%emt 00:04:58]} 10. Bg5 {[%clk
01:19:57]} {[%emt 00:05:36]} Nh5 {[%clk 01:06:54]} {[%emt 00:10:03]} 11. Ne2
{[%clk 01:18:51]} {[%emt 00:01:36]} h6 {[%clk 01:05:46]} {[%emt 00:01:39]} 12.
Bd2 {[%clk 01:15:44]} {[%emt 00:03:36]} Nd7 {[%clk 01:04:30]} {[%emt 00:01:46]}
13. g4 {[%clk 01:08:54]} {[%emt 00:07:20]} Nhf6 {[%emt 00:00:47]} 14. Bf4 Bxf4
{[%clk 01:02:01]} {[%emt 00:02:53]} 15. Nxf4 {[%clk 01:09:07]} {[%emt
00:00:36]} Nf8 {[%clk 01:02:29]} {[%emt 00:00:02]} 16. O-O-O {[%emt 00:03:54]}
Ne6 {[%clk 01:01:09]} 17. Rde1 {[%clk 01:02:57]} {[%emt 00:05:06]} O-O 18. Nxe6
Bxe6 {[%clk 00:59:56]} {[%emt 00:00:19]} 19. Re3 {[%clk 01:01:02]} {[%emt
00:02:43]} b6 {[%clk 00:46:54]} {[%emt 00:13:32]} 20. a3 {[%clk 00:49:45]}
{[%emt 00:11:47]} c5 {[%clk 00:46:16]} {[%emt 00:01:08]} 21. c3 {[%clk
00:49:42]} {[%emt 00:00:34]} Ne4 {[%clk 00:42:58]} {[%emt 00:03:47]} 22. Bxe4
{[%clk 00:46:13]} {[%emt 00:03:59]} dxe4 {[%clk 00:42:28]} {[%emt 00:01:00]}
23. Rxe4 {[%clk 00:45:48]} {[%emt 00:00:55]} Bd5 {[%clk 00:41:18]} {[%emt
00:01:40]} 24. Re3 {[%clk 00:46:03]} {[%emt 00:00:15]} f5 {[%clk 00:40:57]}
{[%emt 00:00:51]} 25. c4 {[%clk 00:18:52]} {[%emt 00:27:41]} cxd4 {[%clk
00:40:35]} {[%emt 00:00:52]} 26. Rd3 {[%clk 00:19:00]} {[%emt 00:00:22]} Be4
{[%clk 00:40:47]} {[%emt 00:00:17]} 27. Rhd1 {[%clk 00:19:21]} {[%emt
00:00:10]} fxg4 {[%clk 00:40:59]} {[%emt 00:00:18]} 28. Nxd4 {[%clk 00:18:51]}
{[%emt 00:01:00]} Bxd3 {[%clk 00:41:23]} {[%emt 00:00:06]} 29. Rxd3 {[%clk
00:19:11]} {[%emt 00:00:10]} gxh3 {[%clk 00:41:05]} {[%emt 00:00:48]} 0-1

[Event "Deutsche Ländermeisterschaft 2025"]
[Site "Oer-Erkenschwick GER"]
[Date "2025.10.04"]
[Round "6"]
[White "Mester, Philipp"]
[Black "Terlouw, Wouter"]
[Result "1/2-1/2"]
[Termination "normal"]
[Board "6.2"]
[BlackTitle "CM"]
[WhiteElo "2246"]
[BlackElo "2102"]
[WhiteClock "00:16:48"]
[BlackClock "00:22:28"]
[WhiteTeam "Hessen"]
[BlackTeam "Stichts-Gooise Schaakbond"]
[PlyCount "72"]
[WhiteFideId "34624902"]
[BlackFideId "1087401"]
[EventCountry "GER"]
[EventRounds "7"]
[EventType "team-swiss"]
[EventDate "2025.09.30"]

1. d4 {[%clk 01:30:58]} {[%emt 00:00:02]} Nf6 {[%clk 01:30:54]} {[%emt
00:00:05]} 2. c4 {[%clk 01:31:04]} {[%emt 00:00:24]} e6 {[%clk 01:31:13]}
{[%emt 00:00:11]} 3. Nc3 {[%clk 01:31:07]} {[%emt 00:00:28]} Bb4 {[%clk
01:31:24]} {[%emt 00:00:19]} 4. e3 {[%clk 01:31:31]} {[%emt 00:00:07]} c5
{[%clk 01:28:46]} {[%emt 00:03:07]} 5. Nge2 {[%clk 01:31:54]} {[%emt 00:00:06]}
d6 {[%clk 01:27:24]} {[%emt 00:01:53]} 6. a3 {[%clk 01:30:42]} {[%emt
00:01:43]} Bxc3+ {[%clk 01:25:27]} {[%emt 00:02:25]} 7. Nxc3 {[%clk 01:30:50]}
{[%emt 00:00:21]} Nc6 {[%clk 01:24:26]} {[%emt 00:01:32]} 8. d5 {[%clk
01:28:43]} {[%emt 00:02:38]} Ne7 {[%clk 01:24:15]} {[%emt 00:00:40]} 9. e4
{[%clk 01:28:04]} {[%emt 00:01:09]} e5 {[%clk 01:23:45]} {[%emt 00:01:00]} 10.
h4 {[%clk 01:25:23]} {[%emt 00:03:11]} h5 {[%clk 01:19:11]} {[%emt 00:05:03]}
11. Bd3 {[%clk 01:20:08]} {[%emt 00:05:46]} Bd7 {[%clk 01:13:28]} {[%emt
00:06:13]} 12. b4 {[%clk 01:13:45]} {[%emt 00:06:52]} cxb4 {[%clk 01:10:07]}
{[%emt 00:03:52]} 13. axb4 {[%clk 01:12:47]} {[%emt 00:01:29]} a5 {[%clk
01:09:45]} {[%emt 00:00:52]} 14. bxa5 {[%clk 01:09:40]} {[%emt 00:03:37]} Rxa5
{[%clk 01:09:25]} {[%emt 00:00:49]} 15. Rb1 {[%clk 01:08:56]} {[%emt 00:01:15]}
Ng6 {[%clk 00:59:15]} {[%emt 00:10:39]} 16. Rxb7 {[%clk 01:02:15]} {[%emt
00:07:12]} Ra1 {[%clk 00:57:19]} {[%emt 00:02:25]} 17. Rb1 {[%clk 00:56:13]}
{[%emt 00:06:32]} Rxb1 {[%clk 00:53:56]} {[%emt 00:03:54]} 18. Bxb1 {[%clk
00:56:32]} {[%emt 00:00:11]} Ng4 {[%clk 00:48:37]} {[%emt 00:05:49]} 19. f3
{[%clk 00:52:52]} {[%emt 00:04:10]} Qa5 {[%clk 00:48:17]} {[%emt 00:00:49]} 20.
Qb3 {[%clk 00:51:43]} {[%emt 00:01:39]} Nf6 {[%clk 00:47:31]} {[%emt 00:01:16]}
21. Kf2 {[%clk 00:50:39]} {[%emt 00:01:34]} O-O {[%clk 00:46:38]} {[%emt
00:01:23]} 22. Be3 {[%clk 00:50:21]} {[%emt 00:00:49]} Qc7 {[%clk 00:42:22]}
{[%emt 00:04:46]} 23. Nb5 {[%clk 00:49:08]} {[%emt 00:01:43]} Rb8 {[%clk
00:38:54]} {[%emt 00:03:58]} 24. g3 {[%clk 00:47:37]} {[%emt 00:02:01]} Bxb5
{[%clk 00:34:00]} {[%emt 00:05:23]} 25. cxb5 {[%clk 00:47:02]} {[%emt
00:01:05]} Nd7 {[%clk 00:34:13]} {[%emt 00:00:17]} 26. Rc1 {[%clk 00:44:56]}
{[%emt 00:02:36]} Nc5 {[%clk 00:30:32]} {[%emt 00:04:11]} 27. Qb4 {[%clk
00:43:31]} {[%emt 00:01:56]} Qd7 {[%clk 00:29:10]} {[%emt 00:01:51]} 28. Bxc5
{[%clk 00:31:52]} {[%emt 00:12:08]} dxc5 {[%clk 00:25:21]} {[%emt 00:04:19]}
29. Qxc5 {[%clk 00:32:05]} {[%emt 00:00:17]} Qh3 {[%clk 00:25:28]} {[%emt
00:00:23]} 30. Rg1 {[%clk 00:29:41]} {[%emt 00:02:54]} Rc8 {[%clk 00:24:29]}
{[%emt 00:01:30]} 31. Qe3 {[%clk 00:28:16]} {[%emt 00:01:54]} Qh2+ {[%clk
00:24:26]} {[%emt 00:00:33]} 32. Rg2 {[%clk 00:28:28]} {[%emt 00:00:17]} Qh1
{[%clk 00:24:48]} {[%emt 00:00:08]} 33. Bd3 {[%clk 00:16:26]} {[%emt 00:12:33]}
Rc1 {[%clk 00:24:41]} {[%emt 00:00:37]} 34. Qd2 {[%clk 00:16:45]} {[%emt
00:00:11]} Rd1 {[%clk 00:22:35]} {[%emt 00:02:36]} 35. Qc3 {[%clk 00:16:35]}
{[%emt 00:00:41]} Rc1 {[%clk 00:22:15]} {[%emt 00:00:49]} 36. Qd2 {[%clk
00:16:48]} {[%emt 00:00:18]} Rd1 {[%clk 00:22:28]} {[%emt 00:00:16]} 1/2-1/2

[Event "Deutsche Ländermeisterschaft 2025"]
[Site "Oer-Erkenschwick GER"]
[Date "2025.10.04"]
[Round "6"]
[White "den Heijer, Rolinde"]
[Black "Derr, Oleg"]
[Result "0-1"]
[Termination "normal"]
[Board "6.3"]
[WhiteElo "2065"]
[BlackElo "2146"]
[WhiteClock "00:10:58"]
[BlackClock "00:52:36"]
[WhiteTeam "Stichts-Gooise Schaakbond"]
[BlackTeam "Hessen"]
[PlyCount "110"]
[WhiteFideId "1068300"]
[BlackFideId "34611517"]
[EventCountry "GER"]
[EventRounds "7"]
[EventType "team-swiss"]
[EventDate "2025.09.30"]

1. e4 {[%clk 01:30:58]} c5 {[%clk 01:30:58]} {[%emt 00:00:03]} 2. Nf3 {[%clk
01:31:22]} {[%emt 00:00:07]} Nc6 {[%clk 01:31:24]} {[%emt 00:00:04]} 3. d4
{[%clk 01:31:44]} {[%emt 00:00:08]} cxd4 {[%clk 01:31:50]} {[%emt 00:00:03]} 4.
Nxd4 {[%clk 01:32:07]} {[%emt 00:00:07]} e5 {[%clk 01:32:17]} {[%emt 00:00:03]}
5. Nb5 {[%clk 01:32:11]} {[%emt 00:00:25]} d6 {[%clk 01:32:41]} {[%emt
00:00:06]} 6. c4 {[%clk 01:32:33]} {[%emt 00:00:08]} g6 {[%clk 01:33:06]}
{[%emt 00:00:06]} 7. N1c3 {[%clk 01:32:54]} {[%emt 00:00:09]} a6 {[%clk
01:33:32]} {[%emt 00:00:04]} 8. Na3 {[%clk 01:33:17]} {[%emt 00:00:06]} Bg7
{[%clk 01:33:46]} {[%emt 00:00:17]} 9. Nc2 {[%clk 01:33:39]} {[%emt 00:00:08]}
Be6 {[%clk 01:34:12]} {[%emt 00:00:04]} 10. Be2 {[%clk 01:33:52]} {[%emt
00:00:17]} Nf6 {[%clk 01:34:38]} {[%emt 00:00:04]} 11. O-O {[%clk 01:34:06]}
{[%emt 00:00:15]} Rc8 {[%clk 01:35:04]} {[%emt 00:00:04]} 12. b3 {[%clk
01:28:52]} {[%emt 00:05:44]} O-O {[%clk 01:35:22]} {[%emt 00:00:12]} 13. Bg5
{[%clk 01:26:40]} {[%emt 00:02:42]} h6 {[%clk 01:33:56]} {[%emt 00:01:57]} 14.
Be3 {[%clk 01:27:03]} {[%emt 00:00:07]} b5 {[%clk 01:29:40]} {[%emt 00:04:46]}
15. cxb5 {[%clk 01:22:30]} {[%emt 00:05:03]} axb5 {[%clk 01:30:07]} {[%emt
00:00:03]} 16. f3 {[%clk 01:18:28]} {[%emt 00:04:32]} b4 {[%clk 01:27:28]}
{[%emt 00:03:09]} 17. Nd5 {[%clk 01:15:50]} {[%emt 00:03:08]} Bxd5 {[%clk
01:24:32]} {[%emt 00:03:26]} 18. exd5 {[%clk 01:16:07]} {[%emt 00:00:12]} Ne7
{[%clk 01:24:55]} {[%emt 00:00:07]} 19. Nxb4 {[%clk 01:09:03]} {[%emt
00:07:35]} Qa5 {[%clk 01:24:55]} {[%emt 00:00:30]} 20. Qd2 {[%clk 01:04:40]}
{[%emt 00:04:53]} Nf5 {[%clk 01:21:57]} {[%emt 00:03:27]} 21. Bf2 {[%clk
00:59:59]} {[%emt 00:05:12]} Nxd5 {[%clk 01:18:37]} {[%emt 00:03:50]} 22. Qxd5
{[%clk 00:59:01]} {[%emt 00:01:28]} Qxb4 {[%clk 01:19:01]} {[%emt 00:00:05]}
23. a3 {[%clk 00:56:24]} {[%emt 00:03:07]} Qc3 {[%clk 01:16:43]} {[%emt
00:02:48]} 24. Bc4 {[%clk 00:54:22]} {[%emt 00:02:33]} Ra8 {[%clk 01:09:06]}
{[%emt 00:08:07]} 25. Rfc1 {[%clk 00:46:03]} {[%emt 00:08:48]} Qb2 {[%clk
01:08:02]} {[%emt 00:01:22]} 26. a4 {[%clk 00:44:25]} {[%emt 00:02:20]} h5
{[%clk 01:05:19]} {[%emt 00:03:14]} 27. Qd1 {[%clk 00:29:23]} {[%emt 00:15:32]}
Nd4 {[%clk 00:59:30]} {[%emt 00:06:19]} 28. Be3 {[%clk 00:19:54]} {[%emt
00:09:59]} d5 {[%clk 00:47:57]} {[%emt 00:12:03]} 29. Rab1 {[%clk 00:11:07]}
{[%emt 00:09:16]} Qa3 {[%clk 00:48:08]} {[%emt 00:00:20]} 30. Bxd5 {[%clk
00:10:47]} {[%emt 00:00:50]} Rad8 {[%clk 00:47:55]} {[%emt 00:00:42]} 31. Bc4
{[%clk 00:10:24]} {[%emt 00:00:53]} e4 {[%clk 00:47:24]} {[%emt 00:01:02]} 32.
Qf1 {[%clk 00:05:39]} {[%emt 00:05:14]} exf3 {[%clk 00:45:58]} {[%emt
00:01:57]} 33. gxf3 {[%clk 00:05:53]} {[%emt 00:00:16]} Kh7 {[%clk 00:41:10]}
{[%emt 00:05:17]} 34. Kh1 {[%clk 00:05:30]} {[%emt 00:00:53]} Nf5 {[%clk
00:41:31]} {[%emt 00:00:10]} 35. Bf2 {[%clk 00:04:25]} {[%emt 00:01:35]} Bd4
{[%clk 00:38:23]} {[%emt 00:03:38]} 36. Re1 {[%clk 00:02:22]} {[%emt 00:02:33]}
Qc5 {[%clk 00:36:25]} {[%emt 00:02:27]} 37. Bxd4 {[%clk 00:01:41]} {[%emt
00:01:11]} Rxd4 {[%clk 00:36:49]} {[%emt 00:00:07]} 38. Qg2 {[%clk 00:01:10]}
{[%emt 00:01:01]} Qd6 {[%clk 00:36:46]} {[%emt 00:00:32]} 39. Rb2 {[%clk
00:01:03]} {[%emt 00:00:38]} Qf6 {[%clk 00:34:16]} {[%emt 00:03:00]} 40. Rf2
{[%clk 00:01:00]} {[%emt 00:00:32]} Rf4 {[%clk 00:32:27]} {[%emt 00:02:19]} 41.
Re4 {[%clk 00:25:39]} {[%emt 00:05:51]} Qh4 {[%clk 01:00:31]} {[%emt 00:02:26]}
42. Rxf4 {[%clk 00:19:20]} {[%emt 00:06:49]} Qxf4 {[%clk 01:00:57]} {[%emt
00:00:03]} 43. Bd3 {[%clk 00:18:13]} {[%emt 00:01:37]} Ne3 {[%clk 00:59:56]}
{[%emt 00:01:31]} 44. Qh3 {[%clk 00:16:56]} {[%emt 00:01:48]} Rd8 {[%clk
00:58:55]} {[%emt 00:01:30]} 45. Qxh5+ {[%clk 00:12:30]} {[%emt 00:04:57]} Kg7
{[%clk 00:55:29]} {[%emt 00:03:56]} 46. Qb5 {[%clk 00:12:45]} {[%emt 00:00:14]}
Rd5 {[%clk 00:53:10]} {[%emt 00:02:50]} 47. Qa6 {[%clk 00:12:22]} {[%emt
00:00:52]} Ng4 {[%clk 00:52:35]} {[%emt 00:01:06]} 48. Rg2 {[%clk 00:11:47]}
{[%emt 00:01:05]} Qxf3 {[%clk 00:50:31]} {[%emt 00:02:33]} 49. Be2 {[%clk
00:09:07]} {[%emt 00:03:10]} Rd1+ {[%clk 00:49:59]} {[%emt 00:01:02]} 50. Bxd1
{[%clk 00:09:25]} {[%emt 00:00:12]} Qxd1+ {[%clk 00:50:25]} {[%emt 00:00:04]}
51. Rg1 {[%clk 00:09:48]} {[%emt 00:00:07]} Qf3+ {[%clk 00:50:52]} {[%emt
00:00:04]} 52. Rg2 {[%clk 00:10:13]} {[%emt 00:00:04]} Nf2+ {[%clk 00:51:18]}
{[%emt 00:00:04]} 53. Kg1 {[%clk 00:10:30]} {[%emt 00:00:13]} Nh3+ {[%clk
00:51:45]} {[%emt 00:00:03]} 54. Kh1 {[%clk 00:10:52]} {[%emt 00:00:08]} Qd1+
{[%clk 00:52:11]} {[%emt 00:00:03]} 55. Rg1 {[%clk 00:10:58]} {[%emt 00:00:24]}
Qxg1# {[%clk 00:52:36]} {[%emt 00:00:05]} 0-1